000 00431nam a2200181Ia 4500
005 20240823042851.0
008 240823s9999||||xx |||||||||||||| ||und||
020 _a978-81-8371-168-5
041 _aENGLISH
082 _A530 Q0
100 _aPalanisamy P K
245 0 _aEngineering Physics II
250 _a1st
260 _c2010
_bScitech Ch
_aChennai
500 _aTRANSFERED
650 _aPhysics
_bPhysics
942 _cBK
999 _c208867
_d208867